|
|
|
|
| LEADER |
01408nam a22003852a 4500 |
| 001 |
001211874 |
| 003 |
CZ BrMZK |
| 005 |
20150601093126.0 |
| 007 |
ta |
| 008 |
120512s1992 xr er|||||||||||cze d |
| 015 |
|
|
|a cnb000072574
|
| 020 |
|
|
|a 80-901113-7-8
|q (brož.) :
|c Kčs 54,00
|
| 035 |
|
|
|a (OCoLC)39590130
|
| 040 |
|
|
|a ABA001
|b cze
|
| 041 |
1 |
|
|a cze
|h fre
|
| 080 |
9 |
|
|a 840-31
|
| 080 |
9 |
|
|a 82-31/-32
|
| 100 |
1 |
|
|a Dard, Frédéric,
|d 1921-2000
|7 xx0002954
|4 aut
|
| 245 |
1 |
0 |
|a Mauzoleum pro děvku :
|b příběh zbloudilých duší /
|c Frédéric Dard ; z franc. přel. Jaroslava Janačíková ; obálka a graf. úprava Daniel Sodoma
|
| 250 |
|
|
|a 1. vyd.
|
| 260 |
|
|
|a Praha :
|b Najáda,
|c [1992]
|
| 300 |
|
|
|a 471 s. ;
|c 18 cm
|
| 490 |
1 |
|
|a Krimi ;
|v 2
|
| 500 |
|
|
|a Autor používá též pseudonym San-Antonio
|
| 500 |
|
|
|a Přeloženo z francouzštiny
|
| 655 |
|
7 |
|a detektivní romány
|7 fd132010
|2 czenas
|
| 700 |
1 |
|
|a Sodoma, Daniel
|7 jx20040618030
|4 art
|
| 700 |
1 |
|
|a Janačíková, Jaroslava
|7 pna2007418791
|4 trl
|
| 765 |
0 |
|
|t Mausolée pour une garce
|9 Česky
|
| 830 |
|
0 |
|a Krimi (Najáda)
|
| 856 |
4 |
1 |
|u http://www.digitalniknihovna.cz/mzk/uuid/uuid:3b84dd00-609a-11e3-ac69-005056827e51
|y Digitalizovaný dokument
|x NDK
|
| 910 |
|
|
|a BOA001
|b D-0984.753
|
| 990 |
|
|
|a BK
|
| 991 |
|
|
|b 201205
|
| 996 |
6 |
|
|b 2619535609
|c D-0984.753
|l MZK
|r Sklad / do 24 hodin
|n 1
|w 001245589
|u 000010
|a 1
|e BOA001
|j MZK50
|s P
|